| 000 | 00606nam a2200181 a 4500 | ||
|---|---|---|---|
| 001 | 000045556 | ||
| 005 | 20240226145041.0 | ||
| 008 | 150415s1997 dr ab 000 0 spa d | ||
| 040 |
_aDO-SdBNP _bspa _cBNPHU |
||
| 082 |
_axxxx _bxxxx |
||
| 100 | 1 |
_aMedina, Ramona _962096 |
|
| 245 | 1 | 0 |
_aHistoria de nuestro Himno Nacional / _cRamona Medina ; presentación Enrique Patín Veloz. |
| 260 |
_aSanto Domingo : _bDe Colores, _c1997. |
||
| 300 |
_a39 p. ; _c21 cm. _bil., mapas. |
||
| 490 | 1 |
_aEdiciones d´Domicanos _v1 |
|
| 700 | 1 | 2 |
_aPatín Veloz, Enrique _epres. _93425 |
| 830 | 0 |
_aEdiciones d´Domicanos _n1 _973616 |
|
| 999 |
_c45045 _d45045 |
||